Logistika : procesy a jejich řízení

Saved in:
Bibliographic Details
Main Authors Drahotský, Ivo (Author), Řezníček, Bohumil, 1929- (Author)
Format Book
LanguageCzech
Published Brno : Computer Press, 2003
EditionVyd. 1.
SeriesPraxe manažera
Subjects
ISBN8072265210
Physical Descriptionix, 334 s. : il. ; 23 cm

Cover

LEADER 00000cam a22000007a 4500
001 24022
003 CZ-ZlUTB
005 20190825234613.0
008 031014s2003 xr |||||r|||||||||||cze|d
020 |a 8072265210  |q (brož.) 
040 |a BOA001  |b cze  |c BOA001  |d ZLD002 
072 7 |a 005  |x Management. Řízení  |2 Konspekt  |9 4 
080 |a (035)  |2 MRF 
080 |a 005.51  |2 MRF 
080 |a 005.5  |2 MRF 
080 |a 656.025.4.022.9  |2 MRF 
080 |a 005.591  |2 MRF 
100 1 |a Drahotský, Ivo  |7 mzk2003181732  |4 aut 
245 1 0 |a Logistika :  |b procesy a jejich řízení /  |c Ivo Drahotský, Bohumil Řezníček 
250 |a Vyd. 1. 
260 |a Brno :  |b Computer Press,  |c 2003 
300 |a ix, 334 s. :  |b il. ;  |c 23 cm 
490 1 |a Praxe manažera 
500 |a Obsahuje oborový slovník 
504 |a Obsahuje bibliografii a rejstřík 
650 0 7 |a dopravní logistika  |7 ph436695  |2 czenas 
650 0 7 |a logistika (management)  |7 ph122437  |2 czenas 
650 0 7 |a procesní management  |7 ph166531  |2 czenas 
650 0 7 |a znalostní management  |7 ph136832  |2 czenas 
700 1 |a Řezníček, Bohumil,  |d 1929-  |7 jk01110113  |4 aut 
830 0 |a Praxe manažera 
910 |a ZLD002 
952 |0 0  |1 0  |4 0  |6 00551DRAHOTSKÝI  |7 0  |8 BOOK  |9 44968  |a UTBZL  |b UTBZL  |c 005  |d 2006-07-29  |l 0  |o 005.51/DRAHOTSKÝ,I.  |p 420010085179  |r 2019-08-25 00:00:00  |v 360.00  |w 2019-08-25  |x N:nákup | 20100831  |y 01 
952 |0 0  |1 0  |4 0  |6 00551DRAHOTSKÝI  |7 0  |8 BOOK  |9 44969  |a UTBZL  |b UTBZL  |c 006  |d 2006-07-29  |l 49  |m 9  |o 005.51/DRAHOTSKÝ,I.  |p 420010085180  |r 2024-01-03 00:00:00  |s 2023-11-01  |v 360.00  |w 2019-08-25  |x N:nákup  |y 04 
952 |0 0  |1 0  |4 0  |6 00551DRAHOTSKÝI  |7 0  |8 BOOK  |9 44970  |a UTBZL  |b UTBZL  |c 006  |d 2006-07-29  |l 47  |m 4  |o 005.51/DRAHOTSKÝ,I.  |p 420010085183  |r 2026-03-03 16:55:27  |s 2026-01-06  |v 360.00  |w 2019-08-25  |x N:nákup | 20100831  |y 04 
952 |0 0  |1 0  |4 0  |6 00551DRAHOTSKÝI  |7 0  |8 BOOK  |9 44971  |a UTBZL  |b UTBZL  |c 006  |d 2006-07-29  |l 44  |m 9  |o 005.51/DRAHOTSKÝ,I.  |p 420010098177  |r 2026-04-14 14:01:11  |s 2026-01-07  |v 360.00  |w 2019-08-25  |x N:nákup | 20100831  |y 04 
952 |0 0  |1 0  |2 udc  |4 0  |6 00551DRAHOTSKÝI  |7 0  |8 BOOK  |9 44972  |a UTBZL  |b UTBZL  |c 006  |d 2006-07-29  |l 42  |m 33  |o 005.51/DRAHOTSKÝ,I.  |p 420010098178  |r 2024-09-11 00:00:00  |s 2021-12-08  |v 360.00  |w 2019-08-25  |x N:nákup | 20100831  |y 04 
952 |0 0  |1 0  |4 0  |6 6501234DRAHOTSKÝI  |7 0  |8 BOOK  |9 44973  |a UTBZL  |b UTBZL  |c 010  |d 2006-07-29  |l 0  |o 65.012.34/DRAHOTSKÝ,I.  |p 420010096517  |q 2099-12-31  |r 2019-08-25 00:00:00  |v 360.00  |w 2019-08-25  |x N:nákup | 20100430  |y 08 
952 |0 0  |1 0  |4 0  |6 6501234DRAHOTSKÝI  |7 0  |8 BOOK  |9 44974  |a UTBZL  |b UTBZL  |c 010  |d 2006-07-29  |l 0  |m 11  |o 65.012.34/DRAHOTSKÝ,I.  |p 420010096518  |q 2027-12-31  |r 2019-08-25 00:00:00  |v 360.00  |w 2019-08-25  |x N:nákup | 20100430  |y 08 
952 |0 0  |1 0  |4 0  |6 00551DRAHOTSKÝI  |7 0  |8 BOOK  |9 44975  |a UTBUH  |b UTBUH  |c 028  |d 2006-07-29  |l 46  |m 18  |o 005.51/DRAHOTSKÝ,I.  |p 420010085181  |r 2026-05-29 11:45:04  |s 2026-04-29  |v 360.00  |w 2019-08-25  |x N:nákup  |y 04 
952 |0 0  |1 0  |4 0  |6 00551DRAHOTSKÝI  |7 0  |8 BOOK  |9 44976  |a UTBUH  |b UTBUH  |c 028  |d 2006-07-29  |l 52  |m 30  |o 005.51/DRAHOTSKÝ,I.  |p 420010085182  |r 2026-05-29 11:44:30  |s 2026-04-30  |v 360.00  |w 2019-08-25  |x N:nákup | 20100831  |y 04 
952 |0 0  |1 0  |4 0  |6 00551DRAHOTSKÝI  |7 0  |8 BOOK  |9 44977  |a UTBUH  |b UTBUH  |c 028  |d 2008-06-09  |l 1  |m 2  |o 005.51/DRAHOTSKÝ,I.  |p 420010115988  |r 2021-01-25 00:00:00  |s 2021-01-04  |v 397.00  |w 2019-08-25  |x n: nákup; | 20100831  |y 01 
992 |a BK  |b SK  |d 227 
999 |c 24022  |d 24022